Normal view
MARC view
- American Geophysical Union
Entry Corporate Name
001 - CONTROL NUMBER
- control field: 5280
003 - CONTROL NUMBER IDENTIFIER
- control field: SIRSI
005 - DATE AND TIME OF LATEST TRANSACTION
- control field: 20190806150241.0
008 - FIXED-LENGTH DATA ELEMENTS
- fixed length control field: 070723n| acannaabn |n ana d
040 ## - CATALOGING SOURCE
- Original cataloging agency: OSt
- Transcribing agency: OSt
110 2# - HEADING--CORPORATE NAME
- Corporate name or jurisdiction name as entry element: American Geophysical Union
670 ## - SOURCE DATA FOUND
- Source citation: Geodesy and Aerophotography, 1969-1972